Normal view
MARC view
- Cricket World Cup 2003
Entry Topical Term
001 - CONTROL NUMBER
- control field: 7421
003 - CONTROL NUMBER IDENTIFIER
- control field: NUST
005 - DATE AND TIME OF LATEST TRANSACTION
- control field: 20171218105324.0
008 - FIXED-LENGTH DATA ELEMENTS
- fixed length control field: 171218|| aca||aabn | a|a d
040 ## - CATALOGING SOURCE
- Original cataloging agency: NUST
- Transcribing agency: NUST
150 ## - HEADING--TOPICAL TERM
- Topical term or geographic name entry element: Cricket World Cup 2003
670 ## - SOURCE DATA FOUND
- Source citation: Work cat.: (NUST)0: Mahmood, Syed Khalid 7384, Spotlight on world cup 2003, 2003.
